Iráčtí jezídé: Motivy současné migrace do Evropy

Irackí jezidovia - spolu s irackými kresťanmi ako najpočetnejšia náboženská menšina. Jezidovia v provincii Ninive - kontext útoku Islamského štátu a následnej emigrácie. Nedostatočná materiálová pomoc v utečeneckých táboroch. Nevyhovujúce sociálne podmienky v táboroch. Kmeňové vojny v táboroch. Rast...

Descripción completa

Guardado en:
Detalles Bibliográficos
Autor principal: Černý, Karel
Formato: Capítulo de libro
Lenguaje:checo
Materias:
Etiquetas: Agregar Etiqueta
Sin Etiquetas, Sea el primero en etiquetar este registro!

MARC

LEADER 00000naa a2200000 4500
001 0234889
005 20220805075853.4
041 0 |a cze 
044 |a CZ 
245 1 0 |a Iráčtí jezídé: Motivy současné migrace do Evropy  |c Karel Černý 
520 |a Irackí jezidovia - spolu s irackými kresťanmi ako najpočetnejšia náboženská menšina. Jezidovia v provincii Ninive - kontext útoku Islamského štátu a následnej emigrácie. Nedostatočná materiálová pomoc v utečeneckých táboroch. Nevyhovujúce sociálne podmienky v táboroch. Kmeňové vojny v táboroch. Rast napätia medzi miestnym obyvateľstvom a utečencami. Nedôvera ku Kurdskej regionálnej vláde. Nedôvera k vlastným elitám. Teoretické zovšeobecnenie príčin emigrácie. 
610 2 0 |a emigrácia 
610 2 0 |a migrácia nelegálna 
610 2 0 |a utečenci 
610 2 0 |a náboženstvo 
610 2 0 |a Irak 
100 1 |a Černý, Karel